[Event "Olympiad Women-44"]
[Site "Chennai"]
[Date "2022.08.01"]
[Round "4.2"]
[White "Janzelj, Lara"]
[Black "Silva, Mariana Sofia Teixe"]
[Result "1-0"]
[WhiteElo "2215"]
[BlackElo "1912"]
[PlyCount "65"]
[EventDate "2022.07.29"]
[EventType "team-swiss"]
[EventRounds "11"]
[EventCountry "IND"]
[SourceTitle "CBM 210"]
[Source "ChessBase"]
[SourceDate "2022.10.31"]
[SourceVersion "1"]
[SourceVersionDate "2022.10.31"]
[SourceQuality "1"]
[WhiteTeam "Slovenia (W)"]
[BlackTeam "Portugal (W)"]
[WhiteTeamCountry "SLO"]
[BlackTeamCountry "POR"]

1. Nf3 d5 2. g3 c5 3. Bg2 Nc6 4. 0-0 e5 5. d3 Be7 6. Nbd2 Be6 7. e4 d4 8. Nc4 Qc7 9. a4 h5 10. h3 f6 11. Nh4 g5 12. Nf5 0-0-0 13. Bd2 Bf8 14. a5 Nge7 15. a6 b6 16. Na3 Nxf5 17. exf5 Bd5 18. Bxd5 Rxd5 19. Qf3 Qd7 20. Nc4 Kb8 21. Kg2 g4 22. hxg4 hxg4 23. Qxg4 Ne7 24. Rh1 Rg8 25. Qe4 Nxf5 26. Qf3 Qe6 27. Rh7 Bh6 28. Rb7+ Ka8 29. Rh1 Bxd2 30. Rhh7 Nh4+ 31. Kf1 Qh3+ 32. Ke2 Rd7 33. Rbxd7+ 1-0

[Event "Mitropa Cup (Women)"]
[Site "Corte"]
[Date "2022.05.08"]
[Round "9.3"]
[White "Janzelj, Lara"]
[Black "Leconte, Maria"]
[Result "1-0"]
[WhiteElo "2191"]
[BlackElo "2240"]
[PlyCount "125"]
[EventDate "2022.04.30"]
[EventType "team-tourn"]
[EventRounds "9"]
[EventCountry "FRA"]
[SourceTitle "CBM 208 Extra"]
[Source "ChessBase"]
[SourceDate "2022.07.31"]
[SourceVersion "1"]
[SourceVersionDate "2022.07.31"]
[SourceQuality "1"]
[WhiteTeam "Slovenia (W)"]
[BlackTeam "France (W)"]
[WhiteTeamCountry "SLO"]
[BlackTeamCountry "FRA"]

1. c4 e5 2. Nc3 Nc6 3. g3 f5 4. Nf3 Nf6 5. d4 e4 6. Nh4 d6 7. Bh3 g6 8. 0-0 Bg7 9. f3 exf3 10. Nxf3 0-0 11. e3 Bd7 12. Bg2 a6 13. a3 Na5 14. Nd2 Ng4 15. Nb3 Nc6 16. Qd3 Kh8 17. Bd2 Rb8 18. Nc1 Re8 19. N1e2 b5 20. cxb5 axb5 21. b4 Ne7 22. Nf4 c6 23. Rfc1 Nc8 24. a4 bxa4 25. Nxa4 Ne7 26. Rab1 Nf6 27. Nc3 g5 28. Nh3 h6 29. Rf1 Qb6 30. Nf2 Ned5 31. Nxd5 Nxd5 32. b5 Be6 33. g4 f4 34. bxc6 Qc7 35. e4 Ne3 36. Bxe3 fxe3 37. Qxe3 Bc4 38. Rxb8 Qxb8 39. Rc1 d5 40. e5 Qb6 41. Nd1 Qxc6 42. Qc3 Rb8 43. Ne3 Rc8 44. Bxd5 Bxd5 45. Nxd5 Qxc3 46. Rxc3 Ra8 47. Ne7 Ra4 48. Rd3 Kh7 49. h3 Bf8 50. Nf5 Kg6 51. Rc3 Ra6 52. Kg2 h5 53. Kf3 hxg4+ 54. hxg4 Kf7 55. Rc7+ Ke6 56. Ke4 Ra4 57. Rb7 Rc4 58. Ra7 Rb4 59. Ra8 Bc5 60. Rc8 Bb6 61. Rc6+ Kd7 62. Rg6 Bd8 63. e6+ 1-0

[Event "Mitropa Cup (Women)"]
[Site "Corte"]
[Date "2022.05.02"]
[Round "3.3"]
[White "Janzelj, Lara"]
[Black "Juhasz, Barbara"]
[Result "0-1"]
[WhiteElo "2191"]
[BlackElo "2207"]
[PlyCount "64"]
[EventDate "2022.04.30"]
[EventType "team-tourn"]
[EventRounds "9"]
[EventCountry "FRA"]
[SourceTitle "CBM 208 Extra"]
[Source "ChessBase"]
[SourceDate "2022.07.31"]
[SourceVersion "1"]
[SourceVersionDate "2022.07.31"]
[SourceQuality "1"]
[WhiteTeam "Slovenia (W)"]
[BlackTeam "Hungary (W)"]
[WhiteTeamCountry "SLO"]
[BlackTeamCountry "HUN"]

1. d4 Nf6 2. c4 g6 3. Nc3 Bg7 4. e4 d6 5. Be2 0-0 6. Nf3 e5 7. d5 a5 8. h3 Nh5 9. g3 f5 10. Bg5 Qe8 11. Qd2 Na6 12. Bh6 Nf6 13. Bxg7 Kxg7 14. exf5 Bxf5 15. Qe3 Nb4 16. 0-0-0 Nxa2+ 17. Nxa2 Qa4 18. Bd3 Qxa2 19. Bxf5 gxf5 20. Ng5 Kh8 21. Qe2 a4 22. Qc2 Ne4 23. Nxe4 fxe4 24. Rhf1 Rf3 25. Qxe4 a3 26. Qc2 axb2+ 27. Kd2 Ra4 28. Rb1 Rxc4 29. Qxb2 Rd4+ 30. Ke2 Qc4+ 31. Kxf3 Qxd5+ 32. Ke2 Qe4# 0-1

[Event "EU-ch 22nd"]
[Site "Terme Catez"]
[Date "2022.04.01"]
[Round "6"]
[White "Lauda, Alexandr"]
[Black "Janzelj, Lara"]
[Result "0-1"]
[WhiteElo "1789"]
[BlackElo "2160"]
[PlyCount "64"]
[EventDate "2022.03.27"]
[EventType "swiss"]
[EventRounds "11"]
[EventCountry "SLO"]
[SourceTitle "CBM 208"]
[Source "ChessBase"]
[SourceDate "2022.06.30"]
[SourceVersion "1"]
[SourceVersionDate "2022.06.30"]
[SourceQuality "1"]

1. e4 e5 2. Nf3 Nc6 3. Bb5 a6 4. Ba4 Nf6 5. 0-0 Be7 6. Re1 b5 7. Bb3 d6 8. c3 0-0 9. h3 Na5 10. Bc2 c5 11. d4 Qc7 12. Nbd2 Bd7 13. dxe5 dxe5 14. Nf1 Rfd8 15. Qe2 Be6 16. b3 h6 17. Ne3 c4 18. b4 Nb7 19. a4 Nd6 20. Nd5 Bxd5 21. exd5 e4 22. Nd2 Bf8 23. axb5 axb5 24. Bb2 Rxa1 25. Rxa1 Re8 26. Ra5 e3 27. fxe3 Nxd5 28. e4 Nxb4 29. cxb4 c3 30. Bc1 cxd2 31. Qxd2 Nc4 32. Qc3 Bxb4 0-1